LEADER 01962nam0-22005531i-450 001 990000018850203316 005 20210301115014.0 010 $a0-674-99054-4$a0-674-99090-0$a0-674-99119-2$a0-674-99191-5$a0-674-99239-3 035 $a0001885 035 $aUSA010001885 035 $a(ALEPH)000001885USA01 035 $a0001885 100 $a20000914g19141953|||y0itay0103----ba 101 0 $aita 105 $a||||||||001yy 200 1 $aHistory of the wars$fProcopiusus$gwith an english translation by H.B. Dewin 210 $aCambridge [etc.]$cHarvard University$d1914-1953 (stampa 1992-1996) 215 $a5 v.$d17 cm. 225 $aLoeb classical library$v48, 81, 107, 173, 217 300 $aTesto orig. a fronte 327 $a1 : Books 1 - 2. - 2 : Books 3 - 4. - 3 : Books 5 - 6.15. - 4 : Books 6.16 - 7.35. - 5 : Books 7.36 - 8 410 $12001$aLoeb classical library$v48, 81, 107, 173, 217 676 $a888.2 700 0$aPROCOPIUS :$cCaesariensis$0293068 702 1$aDEWING,$bH.B. 912 $a990000018850203316 951 $aVIII A 972 PRO/1 - 5$b148952- L.M. 951 $aV.1. Coll. 7/ 16/4$b149068 L.M.$cV.1.$d464095 951 $aV.1. Coll. 7/ 16/5$b149108 L.M.$cV.1.$d464104 959 $aBK 969 $aUMA 979 $c20000914$lUSA01$h1710 979 $c20000919$lUSA01$h1046 979 $c20000919$lUSA01$h1519 979 $c20001019$lUSA01$h1053 979 $c20001019$lUSA01$h1451 979 $c20001019$lUSA01$h1458 979 $c20001019$lUSA01$h1536 979 $c20001024$lUSA01$h1511 979 $c20001027$lUSA01$h1520 979 $c20001110$lUSA01$h1708 979 $c20001124$lUSA01$h1205 979 $c20020403$lUSA01$h1609 979 $aPATRY$b90$c20040406$lUSA01$h1603 979 $aPATRY$b90$c20061017$lUSA01$h1709 979 $aANNAMARIA$b90$c20121015$lUSA01$h1527 979 $aANNAMARIA$b90$c20121015$lUSA01$h1527 996 $aHistory of the wars$9872049 997 $aUNISA LEADER 01132nam--2200385---450 001 990001147410203316 005 20221202122759.0 010 $a88-04-16937-0 035 $a000114741 035 $aUSA01000114741 035 $a(ALEPH)000114741USA01 035 $a000114741 100 $a20030519d1998----km-y0itay0103----ba 101 $aita 102 $aIT 105 $a||||||||001yy 200 1 $a<> frammenti e le testimonianze$fEraclito$gtesto critico e traduzione di Carlo Diano$gcommento di Carlo Diano e Giuseppe Serra 205 $a5. ed. 210 $aMilano$cMondadori$d1998 215 $aXIV, 212 p.$d21 cm 225 2 $aScrittori greci e latini 410 0$12001$aScrittori greci e latini 461 1$1001-------$12001 606 0 $aFilosofia eraclitea 676 $a182.4 700 1$aHERACLITUS$0480176 702 $aDIANO,$bCarlo 702 $aSERRA,$bGiuseppe <1937- > 801 0$aIT$bsalbc$gISBD 912 $a990001147410203316 951 $aXVII A.A. 3845$b4021 DLAS$cXVII A.A.$d551888 959 $aBK 969 $aCAS 996 $aFrammenti e le testimonianze$9980914 997 $aUNISA